Sudden Death-Is it Venomous - Statistics

General Stats
  • This quiz has been taken 144 times
  • The average score is 4 of 8
Answers on the Grid
Answers color-coded by a green-red scale on the quiz's grid according to % correct below.
Milk Snake
Blue ringed Octopus
Pufferfish
Aye-Aye
Gopher Snake
Box Jellyfish
Ball python
Black Widow
Slow Loris
Thin Tailed Scorpion
Cone Snail
Giant African Millipede
Hackled Orb Weaver
Corn Snake
Bark Scorpion
Platypus
 
Answer Stats
Answer % Correct
Black Widow
74%
Box Jellyfish
71%
Pufferfish
70%
Blue ringed Octopus
63%
Platypus
47%
Cone Snail
27%
Bark Scorpion
24%
Slow Loris
18%
No matching quizzes found
Score Distribution
Percent of People with Each Score
Percentile by Number Answered
Your Score History
You have not taken this quiz